Textos Fríos - Jay Wheeler, Mora - Estadísticas

Estadísticas generales
  • Esta prueba ha sido intentada 49 veces
  • La puntuación promedio es 437 de 549
Estadísticas de respuestas
Letra % Correcto
a
100%
de
100%
frío
100%
son
100%
Un
100%
un
100%
amo
94%
amor
94%
Baby
94%
jodío
94%
Lo
94%
lo
94%
94%
mi
94%
no
94%
No
94%
por
94%
que
94%
qué
94%
te
94%
Te
94%
texto
94%
y
94%
Y
94%
Ya
94%
ya
94%
desvive
88%
en
88%
En
88%
es
88%
Es
88%
está
88%
Esto
88%
esto
88%
se
88%
88%
Se
88%
si
88%
siente
88%
ti
88%
88%
tu
88%
va
88%
vacío
88%
cuarto
82%
do
82%
el
82%
El
82%
la
82%
Las
82%
llega
82%
Los
82%
los
82%
siento
82%
tuyo
82%
apagó
76%
dura
76%
llama
76%
Luna
76%
76%
ma
76%
nuestro
76%
al
71%
alcohol
71%
añeja
71%
como
71%
flores
71%
refleja
71%
tus
71%
vas
71%
ah
65%
bandeja
65%
con
65%
cora
65%
cura
65%
guardas
65%
marchitaron
65%
más
65%
me
65%
mundo
65%
pero
65%
Pero
65%
pie
65%
puse
65%
Puse
65%
sin
65%
to
65%
ve
65%
abuela
59%
agua
59%
Creo
59%
cuela
59%
di
59%
dile
59%
encontramo
59%
entender
59%
era
59%
ere
59%
hubo
59%
llenar
59%
mai
59%
mejor
59%
ni
59%
nosotro
59%
olvide
59%
Porque
59%
puedo
59%
Quedamo
59%
queja
59%
rato
59%
real
59%
roto
59%
ser
59%
vaso
59%
Yo
59%
ahora
53%
ante
53%
aunque
53%
brilla
53%
cansado
53%
Cinderella
53%
congelao
53%
culpa
53%
digo
53%
espuela
53%
estoy
53%
fácil
53%
fallar
53%
intento
53%
le
53%
malo
53%
mía
53%
miento
53%
novela
53%
oro
53%
piloto
53%
plato
53%
recibí
53%
retrato
53%
segundo
53%
suela
53%
supera
53%
todo
53%
una
53%
Cada
47%
comer
47%
comoquiera
47%
duele
47%
foto
47%
fuéramo
47%
junto
47%
mano
47%
Pasamo
47%
presté
47%
primera
47%
quedamos
47%
Quisiera
47%
recordar
47%
sea
47%
terminal
47%
volver
47%
Diablo
41%
empezar
41%
espacio
41%
Estar
41%
gente
41%
intentaba
41%
Llegamo
41%
otra
41%
pantalla
41%
pensar
41%
sentarno
41%
sintió
41%
solo
41%
mucho
35%
tiene
35%
oh
29%
No se encontraron pruebas coincidentes
Distribución de puntuación
Porcentaje de gente con cada puntuación
Porcentaje por número respondido
Historial de tus puntuaciones
No has intentado esta prueba.